ბათუმის შოთა რუსთაველის სახელმწიფო უნივერსიტეტის ბიბლიოთეკა

Autism spectrum disorder in the inclusive classroom / (ბიბ.ჩანაწერი № 57926)

000 -LEADER
fixed length control field 01008cam a2200253 i 4500
001 - CONTROL NUMBER
control field 19593604
005 - DATE AND TIME OF LATEST TRANSACTION
control field 20210401125901.0
008 - FIXED-LENGTH DATA ELEMENTS--GENERAL INFORMATION
fixed length control field 170412s2011 nyu b 001 0 eng d
020 ## - INTERNATIONAL STANDARD BOOK NUMBER
International Standard Book Number 9780545168762
041 ## - LANGUAGE CODE
Language code of text/sound track or separate title eng
080 ## - UNIVERSAL DECIMAL CLASSIFICATION NUMBER
Universal Decimal Classification number 376.2+364 B-78
100 1# - MAIN ENTRY--PERSONAL NAME
Personal name Boroson, Barbara
Relator term author.
9 (RLIN) 10974
245 10 - TITLE STATEMENT
Title Autism spectrum disorder in the inclusive classroom /
Statement of responsibility, etc. Barbara Boroson.
250 ## - EDITION STATEMENT
Edition statement 2nd edition.
264 #1 - PRODUCTION, PUBLICATION, DISTRIBUTION, MANUFACTURE, AND COPYRIGHT NOTICE
Place of production, publication, distribution, manufacture New York :
Name of producer, publisher, distributor, manufacturer Scholastic,
Date of production, publication, distribution, manufacture, or copyright notice 2011.
300 ## - PHYSICAL DESCRIPTION
Extent 224 pages ;
Dimensions 28 cm.
500 ## - GENERAL NOTE
General note "How to reach & teach students with ASD"--Cover.
650 #0 - SUBJECT ADDED ENTRY--TOPICAL TERM
Topical term or geographic name entry element Children with autism spectrum disorders
General subdivision Education
Geographic subdivision United States.
9 (RLIN) 10975
650 #0 - SUBJECT ADDED ENTRY--TOPICAL TERM
Topical term or geographic name entry element Inclusive education
Geographic subdivision United States.
9 (RLIN) 10976
653 ## - INDEX TERM--UNCONTROLLED
keyword აუტიზმის სპექტრის აშლილობა ინკლუზიურ კლასში
653 ## - INDEX TERM--UNCONTROLLED
keyword პედაგოგიკა
700 1# - ADDED ENTRY--PERSONAL NAME
Personal name Boroson, Barbara.
Title of a work Autism spectrum disorders in the mainstream classroom.
9 (RLIN) 10977
942 ## - ADDED ENTRY ELEMENTS (KOHA)
Source of classification or shelving scheme
Koha item type წიგნი
ეგზემპლარები
Withdrawn status Lost status Source of classification or shelving scheme Damaged status Not for loan Permanent Location Current Location Shelving location Date acquired Cost, normal purchase price Full call number Barcode Date last seen Copy number Price effective from Koha item type Public note
          ბათუმის შოთა რუსთაველის სახელმწიფო უნივერსიტეტის მთავარი ბიბლიოთეკა ბათუმის შოთა რუსთაველის სახელმწიფო უნივერსიტეტის მთავარი ბიბლიოთეკა წიგნსაცავი 2021-04-01 138.00 376.2+364 B-78 61292 2021-04-01 61292 2021-04-01 წიგნი 138 ლ.